Statistiques concernant Drapeaux similaires n°3

Cliquez ici pour prendre le quiz!

Statistiques générales

  • Ce quiz a été pris 421 fois
    (330 depuis la dernière actualisation)
  • Le résultat moyen est 8 sur 10

Statistiques - réponses

Réponse% Correct
Sénégal
91%
Cameroun
88%
Ethiopie
87%
Lituanie
81%
Ghana
80%
Mali
79%
République du Congo
71%
Birmanie
70%
Guinée
70%
Bolivie
62%

Distribution des résultats

Percentile par nombre de réponses

% des personnes avec chaque résultat

Votre développement - résultats

Vous n’avez pas pris ce quiz depuis la dernière actualisation